[Event "CZE-chT2F 2122"]
[Site "Czech Republic"]
[Date "2022.04.03"]
[Round "11.4"]
[White "Horvath, Tomas"]
[Black "Docekalova, Alexandra"]
[Result "1/2-1/2"]
[WhiteElo "2098"]
[BlackElo "1941"]
[PlyCount "62"]
[EventDate "2021.10.17"]
[EventType "team-tourn"]
[EventRounds "11"]
[EventCountry "CZE"]
[SourceTitle "EXT 2024"]
[Source "ChessBase"]
[SourceDate "2023.10.10"]
[SourceVersion "1"]
[SourceVersionDate "2023.10.10"]
[SourceQuality "1"]
[WhiteTeam "Orlova Slavia II"]
[BlackTeam "Prostejov"]
[WhiteTeamCountry "CZE"]
[BlackTeamCountry "CZE"]

1. e4 e6 2. d4 d5 3. Nd2 dxe4 4. Nxe4 Nd7 5. Nf3 Ngf6 6. Nxf6+ Nxf6 7. Bd3 Be7 8. Bg5 0-0 9. Qe2 c5 10. dxc5 Qa5+ 11. c3 Qxc5 12. 0-0 Rd8 13. Rad1 Bd7 14. Ne5 Be8 15. Rfe1 Nd5 16. Bxe7 Qxe7 17. Qe4 Nf6 18. Qh4 Qc7 19. h3 h6 20. Ng4 Nxg4 21. hxg4 Rd5 22. Be4 Rxd1 23. Rxd1 f6 24. Qh2 e5 25. Bd5+ Bf7 26. Qg3 Bxd5 27. Rxd5 Rd8 28. Qd3 Rxd5 29. Qxd5+ Qf7 30. Qb5 Qc7 31. Kf1 Kf7 1/2-1/2